| 000 | 00564nam a2200193Ia 4500 | ||
|---|---|---|---|
| 003 | IN-BaIIA | ||
| 008 | 211028s9999 xx 000 0 eng d | ||
| 040 | _cIIA Library | ||
| 080 |
_a514 _bYAG |
||
| 100 |
_aYaglom, I. M _96658 |
||
| 245 | 0 |
_aGeometric transformations _cI. M. Yaglom; translated from the Russian by Allen Shields |
|
| 260 |
_aNew York _bRandom House _c1962 |
||
| 300 | _avii, 133p. | ||
| 500 | _aComplimentary gift | ||
| 650 |
_aGeometry _91677 |
||
| 650 |
_aTransformations (Mathematics) _96659 |
||
| 700 |
_aShields, Allen _96660 |
||
| 942 | _cBK | ||
| 999 |
_c3748 _d3748 |
||